000 01074cam a2200301 a 4500
999 _c2663
_d2663
003 ALUPE UNIVERSITY
005 20210716061945.0
008 500101s1971 ctua b 001 0 eng d
020 _a0878932011
040 _cALUPE UNIVERSITY
050 0 _aRC181
_b.B37 1971
092 _aD0501711286
245 0 0 _aImmunobiology :
_bcurrent knowledge of basic concepts in immunology and their clinical applications /
_cedited by Robert A. Good and David W. Fisher.
260 _aStamford, Conn. :
_bSinauer Associates,
_c1971.
300 _axii, 305 p. :
_bill. ;
_c29 cm.
504 _aIncludes bibliographical references and index.
650 0 _aImmune system.
650 0 _aImmunity.
650 0 _aImmunology.
700 1 _aGood, Robert A.,
_d1922-2003.
700 1 _aFisher, David W.
942 _2lcc
_cBK
_nPW